000 01081nam a2200277Ia 4500
001 Para_10228
003 CHAP
008 220125sSept xx 000 0 und d
010 _a208914
040 _cCHAP
090 _aPA CD - TESIS 273
100 _aOlmos Cervantes, Rosalva
_9126565
245 _aSensibilidad de la antracnosis (Colletotrichum gloeosporioides Penz) del aguacate (Persea americana Mill), a fungicidas benzimidazoles, estrobirulinas y cloronitrilos, en Cheratillo, Michaocán /
_c Rosalva Olmos Cervantes; Director Santos Gerardo Leyva Mir
260 _aChapingo, Méx. :
_b el autor
300 _a1 CDS ROM (56 p.)
502 _aTesis (Ing. Agr. Esp. en Parasitología Agrícola). UACh. Departamento Parasitología Agrícola
700 _aLeyva Mir, Santos Gerardo. Director
_9171335
710 _aUACh. Departamento Parasitología Agrícola
_9164025
901 _aPA CD - TESIS 273
902 _aM
905 _a513220Septiembre,2013 abnm8800000000 06
910 _aSept
942 _cPARA
942 _cPARA
_d2
999 _c208914
_d208914